| 000 | 01779nam a2200361 a 4500 | ||
|---|---|---|---|
| 001 | ebr10582934 | ||
| 003 | CaPaEBR | ||
| 006 | m u | ||
| 007 | cr cn||||||||| | ||
| 008 | 100909s2010 vauab sb 101 0 eng d | ||
| 010 | _z 2010035273 | ||
| 020 | _z9780784411216 (alk. paper) | ||
| 020 | _z9780784476819 (e-book) | ||
| 040 |
_aCaPaEBR _cCaPaEBR |
||
| 035 | _a(OCoLC)681908459 | ||
| 050 | 1 | 4 |
_aTC401 _b.I58 2009eb |
| 082 | 0 | 4 |
_a551.46/18015118 _222 |
| 111 | 2 |
_aInternational Conference on Estuarine and Coastal Modeling _n(11th : _d2009 : _cSeattle, Wash.) |
|
| 245 | 1 | 0 |
_aEstuarine and coastal modeling _h[electronic resource] : _bproceedings of the eleventh international conference, November 4-6, 2009, Seattle, Washington / _csponsored by Coasts, Oceans, Ports, and Rivers Institute of the American Society of Civil Engineers ; edited by Malcolm L. Spaulding. |
| 260 |
_aReston, Va. : _bAmerican Society of Civil Engineers, _c2010. |
||
| 300 |
_aviii, 784 p. : _bill., maps. |
||
| 504 | _aIncludes bibliographical references and indexes. | ||
| 533 |
_aElectronic reproduction. _bPalo Alto, Calif. : _cebrary, _d2011. _nAvailable via World Wide Web. _nAccess may be limited to ebrary affiliated libraries. |
||
| 650 | 0 |
_aFloodplain management _vCongresses. |
|
| 650 | 0 |
_aWatershed management _vCongresses. |
|
| 650 | 0 |
_aEstuaries _xHydrodynamics _vCongresses. |
|
| 650 | 0 |
_aFloodplains _xMathematical models _vCongresses. |
|
| 655 | 7 |
_aElectronic books. _2local |
|
| 700 | 1 | _aSpaulding, Malcolm L. | |
| 710 | 2 | _aCoasts, Oceans, Ports and Rivers Institute (American Society of Civil Engineers) | |
| 710 | 2 | _aebrary, Inc. | |
| 856 | 4 | 0 |
_uhttp://site.ebrary.com/lib/rucke/Doc?id=10582934 _zAn electronic book accessible through the World Wide Web; click to view |
| 999 |
_c82631 _d82631 |
||